000 00591nam a22001817a 4500
999 _c188384
_d188384
005 20220520094621.0
010 _aENG-132728
020 _a9780980296426
_c550.00
035 _aEN-116260
037 _bDBAD/PUB
082 _a921
100 _aFreadman, Richard
245 _aThis Crazy Thing a Life:
_bAustralian Jewish Autobiography/
_cRichard Freadman
260 _aWestern Australia
_bUniversity of Western Australia Press
_c2007
270 _aCrawley, Western Australia
_bWestern Australia
_e6009
300 _a301p.
_bIndex
_c23cm(pbk)
942 _2ddc
_cEN
_h921
_mFRE